Multimedia databases and image communication (Record no. 591)
[ view plain ]
| 000 -LEADER | |
|---|---|
| fixed length control field | 01809nam a2200409Ia 4500 |
| 082 04 - DEWEY DECIMAL CLASSIFICATION NUMBER | |
| Classification number | 006.7 |
| 245 10 - TITLE STATEMENT | |
| Title | Multimedia databases and image communication |
| 260 ## - PUBLICATION, DISTRIBUTION, ETC. (IMPRINT) | |
| Place of publication | Singapore ; |
| -- | London : |
| Name of publisher | World Scientific, |
| Year of publication | c2004. |
| 300 ## - PHYSICAL DESCRIPTION | |
| Number of Pages | viii, 124 p. : |
| Other physical details | ill. |
| 490 1# - SERIES STATEMENT | |
| Series statement | Series on software engineering and knowledge engineering ; |
| 500 ## - GENERAL NOTE | |
| General note | Errata slip inserted: "Vol. 15 is printed erroneously on book cover instead of vol. 17." |
| 650 #0 - SUBJECT ADDED ENTRY--TOPICAL TERM | |
| Topical Term | Multimedia systems |
| Topical Term | Database management |
| Topical Term | Image processing |
| Topical Term | Image processing |
| 700 1# - ADDED ENTRY--PERSONAL NAME | |
| Personal name | Abate, Andrea F. |
| Personal name | Nappi, Michele. |
| Personal name | Sebillo, Monica. |
| 856 40 - ELECTRONIC LOCATION AND ACCESS | |
| Uniform Resource Identifier | http://site.ebrary.com/lib/rucke/Doc?id=10713488 |
No items available.
